ՀՀ Գիտությունների ազգային ակադեմիայի հիմնարար գիտական գրադարան  =   Fundamental Scientific Library of NAS RA

Պատմութիւն տիեզերական / (Record no. 121349)

MARC details
000 -LEADER
fixed length control field 00591nam a2200193 a 4500
003 - CONTROL NUMBER IDENTIFIER
control field AM-YeHGA
040 ## - CATALOGING SOURCE
Original cataloging agency AM-YeHGA
090 ## - LOCALLY ASSIGNED LC-TYPE CALL NUMBER (OCLC); LOCAL CALL NUMBER (RLIN)
-- 122702
001 - CONTROL NUMBER
control field 000325287
005 - DATE AND TIME OF LATEST TRANSACTION
control field 20250618072042.0
008 - FIXED-LENGTH DATA ELEMENTS--GENERAL INFORMATION
fixed length control field 040408s1861 ||| r 000 0 arm d
041 0# - LANGUAGE CODE
Language code of text/sound track or separate title arm
100 0# - MAIN ENTRY--PERSONAL NAME
Personal name Վարդան Բարձրբերդցի
9 (RLIN) 4822
245 10 - TITLE STATEMENT
Title Պատմութիւն տիեզերական /
Statement of responsibility, etc. Վարդան Բարձրբերդցի.
260 ## - PUBLICATION, DISTRIBUTION, ETC.
Place of publication, distribution, etc. Մոսկվա :
Name of publisher, distributor, etc. Լազարեան Ճեմարան,
Date of publication, distribution, etc. 1861.
300 ## - PHYSICAL DESCRIPTION
Extent 290 էջ.
650 14 - SUBJECT ADDED ENTRY--TOPICAL TERM
Topical term or geographic name entry element Հայ ժողովրդի պատմություն
942 ## - ADDED ENTRY ELEMENTS (KOHA)
Source of classification or shelving scheme Universal Decimal Classification
Koha item type Գրքեր / Books
Holdings
Withdrawn status Lost status Source of classification or shelving scheme Damaged status Not for loan Collection Home library Current library Date acquired Total checkouts Full call number Barcode Date last seen Price effective from Koha item type Public note
    Universal Decimal Classification     Avdalbegian Individual Collection Fundamental Scientific Library Fundamental Scientific Library 22/12/2016   Ավդ/172 FL0428191 22/12/2016 22/12/2016 Գրքեր / Books ILL Non-Circ.
          General Fundamental Scientific Library Fundamental Scientific Library 22/12/2016   AII/67851 220067851 22/12/2016 22/12/2016 Գրքեր / Books 30 Days Loan
          General Fundamental Scientific Library Fundamental Scientific Library 22/12/2016   AII/67852 220067852 22/12/2016 22/12/2016 Գրքեր / Books 30 Days Loan
          General Fundamental Scientific Library Fundamental Scientific Library 22/12/2016   AII/67961 220067961 22/12/2016 22/12/2016 Գրքեր / Books 30 Days Loan
    Universal Decimal Classification     Alpoiajian Individual Collection Fundamental Scientific Library Fundamental Scientific Library 22/04/2019   Ալպ/966 FL0573333 22/04/2019 22/04/2019 Գրքեր / Books ILL Non-Circ


ՀՀ ԳԱԱ հիմնարար գիտական գրադարան
ՀՀ,Երևան 0019
Մարշալ Բաղրամյան 24/6
հեռախոս:(374-10) 52-47-50
Հետադարձ կապ

All site content, except where otherwise noted, is licensed under a
Creative Commons License